Los hombres del cobre 1955-1971
Saved in:
| Hovedforfatter: | |
|---|---|
| Format: | Bog |
| Sprog: | spansk |
| Udgivet: |
Santiago, Chile
Imprenta Mueller
1971
|
| Fag: | |
| Tags: |
Tilføj Tag
Ingen Tags, Vær først til at tagge denne postø!
|
MARC
| LEADER | 00000nam a2200000 a 4500 | ||
|---|---|---|---|
| 001 | UCV4242 | ||
| 003 | CL-VaPUC | ||
| 005 | 20210326001559.0 | ||
| 008 | 901122e19710000CL |||||||||||||||||spa|d | ||
| 999 | |c 211174 |d 211172 | ||
| 040 | |c Pontificia Universidad Católica de Valparaíso | ||
| 082 | 0 | 4 | |a 338.909 JAR 1971 |2 21 |
| 100 | 0 | |a Jarpa Yáñez, Patricio |e author |9 298547 | |
| 245 | 1 | 4 | |a Los hombres del cobre 1955-1971 |
| 260 | |a Santiago, Chile |b Imprenta Mueller |c 1971 | ||
| 300 | |a 61 páginas | ||
| 583 | |a last modification |c 20180423 12:03:43 |k Rodrigo Vera | ||
| 650 | 0 | |a Cobre |9 255767 | |
| 650 | 7 | |a HISTORIA DE CHILE |2 CL-VaPUC |9 260456 |y 1955-1971 | |
| 650 | 0 | |a Industria minera |z CHILE |9 260256 | |
| 650 | 7 | |a NACIONALIZACION DEL COBRE |2 CL-VaPUC |9 260457 |z CHILE | |
| 852 | |a BIBCUR | ||
| 942 | |c BK |2 ddc | ||
| 945 | |d 19901122 00:00:00 | ||
| 952 | |0 0 |1 0 |2 ddc |4 0 |6 338_909000000000000_JAR_1971 |7 0 |8 A |9 189406 |a BIBING |b BIBING |d 2019-11-14 |i 2570874 |o 338.909 JAR 1971 |p 2570874 |r 2025-01-20 |t 3 |w 2019-11-14 |y BK |k GEO | ||
| 952 | |0 0 |1 0 |2 ddc |4 0 |6 338_909000000000000_JAR_1971 |7 0 |8 A |9 189408 |a BIBDER |b BIBDER |d 2019-11-14 |i 1799436 |o 338.909 JAR 1971 |p 1799436 |r 2023-01-25 |t 1 |w 2019-11-14 |y BK |k DER | ||
| 952 | |0 0 |1 0 |2 ddc |4 0 |6 338_909000000000000_JAR_1971 |7 0 |8 A |9 189409 |a BIBHIS |b BIBHIS |d 2019-11-14 |i 1254472 |o 338.909 JAR 1971 |p 1254472 |r 2025-01-20 |t 2 |w 2019-11-14 |y BK |k HIS | ||